| 000 | 00685nam a22002177a 4500 | ||
|---|---|---|---|
| 005 | 20170124110228.0 | ||
| 010 | _aA-991586 | ||
| 020 |
_c00.00 _a8176481343 |
||
| 035 | _aA-991586 | ||
| 037 | _bCen Lib/Ret | ||
| 040 |
_aDPL _bEN |
||
| 082 |
_a641.02 _bJEW |
||
| 100 |
_aJewel, Raul _941064 |
||
| 245 |
_aDictionary of food and nutrition / _cby Raul Jewel |
||
| 260 |
_aNew Delhi _bA.P.H Publishing Corporation _c2000 |
||
| 270 |
_a5, Ansari Road, Daryaganj _bNew Delhi _e110002 |
||
| 300 |
_a430p. _c24cm(Hb) |
||
| 650 |
_aNutrition -- Dictionaries _vDictionary _941065 |
||
| 650 |
_aFood -- Dictionaries _vDictionary _941066 |
||
| 942 |
_2ddc _cEN _h641.02 _mJEW |
||
| 999 |
_c134553 _d134553 |
||